Những trò chơi thúc đẩy sáng tạo

Giới thiệu nhiều trò chơi đơn giản nhanh chóng kích thích, khích lệ quá trình sáng tạo tại nơi làm việc và nhà riêng. Hướng dẫn thực hiện sáng tạo, khuyến khích việc tích luỹ những ý tưởng mới, biết cách thử thách, mở rộng kiến thức...

সম্পূর্ণ বিবরণ

সংরক্ষণ করুন:
গ্রন্থ-পঞ্জীর বিবরন
প্রধান লেখক: Dương, Duy Khoa
বিন্যাস: গ্রন্থ
ভাষা:Undetermined
প্রকাশিত: Thành phố Hồ Chí Minh Trẻ 2015
বিষয়গুলি:
ট্যাগগুলো: ট্যাগ যুক্ত করুন
কোনো ট্যাগ নেই, প্রথমজন হিসাবে ট্যাগ করুন!
Thư viện lưu trữ: Trung tâm Học liệu Trường Đại học Cần Thơ
LEADER 01069nam a2200205Ia 4500
001 CTU_204481
008 210402s9999 xx 000 0 und d
020 |c 40000 
082 |a 793.7 
082 |b Kh401 
100 |a Dương, Duy Khoa 
245 0 |a Những trò chơi thúc đẩy sáng tạo 
245 0 |c Dương Duy Khoa 
260 |a Thành phố Hồ Chí Minh 
260 |b Trẻ 
260 |c 2015 
520 |a Giới thiệu nhiều trò chơi đơn giản nhanh chóng kích thích, khích lệ quá trình sáng tạo tại nơi làm việc và nhà riêng. Hướng dẫn thực hiện sáng tạo, khuyến khích việc tích luỹ những ý tưởng mới, biết cách thử thách, mở rộng kiến thức, quản lí môi trường xung quanh, quản lí đội nhóm để kích thích sáng tạo... 
650 |a Mathematical recreations,Toán học giải trí 
904 |i Hải 
980 |a Trung tâm Học liệu Trường Đại học Cần Thơ